00719 2200253 4500001002100000005001500021035002000036007000300056008004100059020002200100082001000122084001600132100001300148245009600161250001100257260004700268300003200315650003400347700001800381700001400399520003000413990001100443990001100454INLIS00000000000440020191107093254 a0010-1119000027ta191107 g 0 ind  a978-602-7996-66-3 a646.2 a646.2 HUS b0 aHUSNA, W1 aBelajar Sendiri Mejahit Busana untuk Pemula /cHusna W, Amalia Iffat; penyunting, Tristanti acet. 2 aYogyakarta :bTrans Idea Publishing,c2017 a151 hlm. :bilus. ;c25 cm. 4aMENJAHIT. BUSANA UNTUK PEMULA0 aAMALIA, Iffat0 aTRISTANTI abibliografi: hlm. 150-151 a7111 a a7111 b